[Event "Oceania-ch U16"]
[Site "Auckland"]
[Date "2019.01.10"]
[Round "5"]
[White "Winter, Ryan"]
[Black "Fu, Tom"]
[Result "1-0"]
[WhiteElo "1803"]
[BlackElo "1468"]
[PlyCount "33"]
[EventDate "2019.01.08"]
[EventType "swiss"]
[EventRounds "9"]
[EventCountry "NZL"]
[SourceTitle "EXT 2021"]
[Source "ChessBase"]
[SourceDate "2020.10.23"]
[SourceVersion "1"]
[SourceVersionDate "2020.10.23"]
[SourceQuality "1"]

1. e4 c5 2. Nc3 e6 3. g3 g6 4. Nge2 Bg7 5. d4 cxd4 6. Nxd4 Nc6 7. Ndb5 Qb6 8. Bf4 Nd4 9. Be3 e5 10. Nd5 Qc6 11. Nbc7+ Kf8 12. Bxd4 exd4 13. Nxa8 Be5 14. f4 Bd6 15. Bg2 Ne7 16. Qxd4 Rg8 17. 0-0-0 1-0